Knots in my yo-yo string / (Record no. 3661)

MARC details
000 -LEADER
fixed length control field 00721nam a22002417a 4500
001 - CONTROL NUMBER
control field 3661
003 - CONTROL NUMBER IDENTIFIER
control field FISKH
005 - DATE AND TIME OF LATEST TRANSACTION
control field 20260202101341.0
008 - FIXED-LENGTH DATA ELEMENTS--GENERAL INFORMATION
fixed length control field 240403b cb ||||| |||| 00| 0 eng d
040 ## - CATALOGING SOURCE
Original cataloging agency FISK
Language of cataloging eng
Transcribing agency FISK
Modifying agency FISK
050 ## - LIBRARY OF CONGRESS CALL NUMBER
Classification number PS3569.P546
082 ## - DEWEY DECIMAL CLASSIFICATION NUMBER
Classification number 813.54
100 ## - MAIN ENTRY--PERSONAL NAME
Personal name Spinelli Jerry
Dates associated with a name 1941-
245 ## - TITLE STATEMENT
Title Knots in my yo-yo string /
Statement of responsibility, etc. Jerry Spinelli
260 ## - PUBLICATION, DISTRIBUTION, ETC.
Place of publication, distribution, etc. New York :
Name of publisher, distributor, etc. Scholastic,
Date of publication, distribution, etc. 1999
300 ## - PHYSICAL DESCRIPTION
Extent 148 pages :
Dimensions 20 cm
505 ## - FORMATTED CONTENTS NOTE
Formatted contents note U
520 ## - SUMMARY, ETC.
Summary, etc. This Italian-American Newbery Medalist presents a humorous account of his childhood and youth in Norristown, Pennsylvania.
521 8# - TARGET AUDIENCE NOTE
Target audience note 980
Source Lexile
700 ## - ADDED ENTRY--PERSONAL NAME
Personal name Jerry Spinelli
942 ## - ADDED ENTRY ELEMENTS (KOHA)
Source of classification or shelving scheme Dewey Decimal Classification
Koha item type Books
Suppress in OPAC No
Holdings
Withdrawn status Lost status Source of classification or shelving scheme Damaged status Not for loan Collection Home library Current library Shelving location Date acquired Total Checkouts Full call number Barcode Date due Date last seen Date last checked out Copy number Price effective from Koha item type
    Dewey Decimal Classification     Non-Fiction Footprints International School Library Network Toul Tom Poung Campus Footprints International School Library Network Toul Kork Campus TTP Secondary Non-Fiction Bookshelves 04/03/2024 2 SPI PS3569.P546 813.54 2024-0460 05/12/2026 04/28/2026 04/28/2026 1 04/03/2024 Books